Multiple Choice Country Quiz – Bosnia and Herzegovina - Statistics

General Stats
  • This quiz has been taken 132 times
  • The average score is 7 of 10
Answer Stats
Question Answer % Correct
Capital city? Sarajevo
95%
Which country does Bosnia and Herzegovina NOT border with? Slovenia
88%
What is the name of the sea that borders Bosnia and Herzegovina? Adriatic Sea
82%
Which former country was Bosnia and Herzegovina NEVER part of? Soviet Union
77%
Which picture shows the famous bridge in Mostar?
73%
Besides the stars, what other symbol is on the flag of Bosnia and Herzegovina? Triangle
69%
In what year were the Winter Olympics held? 1984
65%
What religion does the largest number of people belong to? Islam
65%
In which part of the country is Herzegovina located? South
50%
What is the name of the national currency? Convertible mark
47%
No matching quizzes found
Score Distribution
Percent of People with Each Score
Percentile by Number Answered
Your Score History
You have not taken this quiz